000 00898cam a22002771 4500
001 ne 66002032
003 DLC
005 20260227111827.0
008 900824s1966 ua b 000 0 arar
010 _ane 66002032
025 _aPL480:UAR-7178
035 _a(OCoLC)22272524
040 _aDLC
_cWaU
_dWaU
_dDLC
041 1 _aara
_hgrc
042 _apremarc
043 _af-ua---
050 0 0 _aDT83.A2
_bH4 1966
100 0 _aHerodotus.
245 1 0 _aHirudūt yataḥaddathu ʻan Miṣr.
_cTarjama al-aḥādīth ʻan al-Ighrīqīyah Muḥammad Ṣaqr Khafājah. Qaddama lahā wa-tawallá sharḥahā Aḥmad Badawī.
260 _a[al-Qāhirah]
_bDār al-Qalam,
_c1966.
300 _a337 p.
_c24 cm.
504 _aBibliography: p. 317-319.
651 0 _aEgypt
_xHistory
_yTo 640 A.D.
700 1 _aKhafājah, Muḥammad Ṣaqr,
_etr.
700 1 _aBadawī, Aḥmad Muḥammad,
_d1905-1980.
999 _c49259
_d49259